[Event "Zlin Region-chT 2324"]
[Site "Czech Republic"]
[Date "2024.02.18"]
[Round "8.2"]
[White "Valesova, Sarka"]
[Black "Petrzela, Pavel"]
[Result "0-1"]
[WhiteElo "1871"]
[BlackElo "2002"]
[PlyCount "29"]
[EventDate "2023.10.22"]
[EventType "team-tourn"]
[EventRounds "11"]
[EventCountry "CZE"]
[SourceTitle "EXT 2025"]
[Source "ChessBase"]
[SourceDate "2024.10.14"]
[SourceVersion "1"]
[SourceVersionDate "2024.10.14"]
[SourceQuality "1"]
[WhiteTeam "Borsice"]
[BlackTeam "Holesov"]
[WhiteTeamCountry "CZE"]
[BlackTeamCountry "CZE"]

1. e4 c6 2. d4 d5 3. e5 Bf5 4. f4 h5 5. Nf3 e6 6. c4 dxc4 7. Bxc4 Nd7 8. Nc3 Nb6 9. Bd3 Bxd3 10. Qxd3 Rh6 11. a4 Be7 12. a5 Nd5 13. Nxd5 Qxd5 14. Bd2 Rd8 15. Bc3 0-1

[Event "CZE-ch U16 Girls"]
[Site "Sec u Chrudimi"]
[Date "2008.03.13"]
[Round "7"]
[White "Valesova, Sarka"]
[Black "Olsarova, Karolina"]
[Result "0-1"]
[WhiteElo "1870"]
[BlackElo "2076"]
[PlyCount "52"]
[EventDate "2008.03.08"]
[EventType "swiss"]
[EventRounds "9"]
[EventCountry "CZE"]
[SourceTitle "EXT 2009"]
[Source "ChessBase"]
[SourceDate "2008.11.26"]
[SourceVersion "1"]
[SourceVersionDate "2008.11.26"]
[SourceQuality "1"]

1. e4 e5 2. Nc3 Nf6 3. Bc4 Nxe4 4. Qh5 Nd6 5. Bb3 Be7 6. Qxe5 0-0 7. Nge2 Bf6 8. Qh5 g6 9. Qf3 Nf5 10. Nd5 Bg7 11. 0-0 c6 12. Ne3 d5 13. Ng3 Nd4 14. Qd1 Nxb3 15. cxb3 d4 16. Nc2 d3 17. Ne3 Nd7 18. b4 Qb6 19. Qb3 Ne5 20. Nc4 Nxc4 21. Qxc4 Rd8 22. a4 Rd4 23. Qc5 Qxb4 24. Qc3 Be6 25. Ra3 Qd6 26. b3 Rb4 0-1

[Event "Morava-ch U16"]
[Site "Havlickuv Brod"]
[Date "2007.10.27"]
[Round "7"]
[White "Kawulok, Marek"]
[Black "Valesova, Sarka"]
[Result "1-0"]
[WhiteElo "1797"]
[BlackElo "1912"]
[PlyCount "61"]
[EventDate "2007.10.24"]
[EventType "swiss"]
[EventRounds "9"]
[EventCountry "CZE"]
[SourceTitle "EXT 2022"]
[Source "ChessBase"]
[SourceDate "2021.10.06"]
[SourceVersion "1"]
[SourceVersionDate "2021.10.06"]
[SourceQuality "1"]

1. e4 c5 2. Nf3 Nc6 3. d4 cxd4 4. Nxd4 g6 5. c4 Nf6 6. Nc3 Nxd4 7. Qxd4 Bg7 8. e5 Ng8 9. Bf4 d6 10. 0-0-0 Bf5 11. c5 Nh6 12. Qa4+ Bd7 13. Bb5 Nf5 14. g4 Nh4 15. exd6 e6 16. Nd5 Bxb5 17. Qxb5+ Kf8 18. Ne7 a6 19. Qe2 Qa5 20. Kb1 Qxc5 21. Rc1 Qb6 22. Rhd1 Qb4 23. Bg5 Nf3 24. Rc4 Qb6 25. Be3 Qb5 26. Bc5 Ne5 27. Rc2 Qa4 28. Ba3 Nd7 29. Rdc1 Nb6 30. Rc7 Rb8 31. d7 1-0

[Event "Morava-ch U16"]
[Site "Havlickuv Brod"]
[Date "2007.10.26"]
[Round "6"]
[White "Valesova, Sarka"]
[Black "Premus, Jan"]
[Result "1-0"]
[WhiteElo "1912"]
[BlackElo "1893"]
[PlyCount "95"]
[EventDate "2007.10.24"]
[EventType "swiss"]
[EventRounds "9"]
[EventCountry "CZE"]
[SourceTitle "EXT 2022"]
[Source "ChessBase"]
[SourceDate "2021.10.06"]
[SourceVersion "1"]
[SourceVersionDate "2021.10.06"]
[SourceQuality "1"]

1. e4 c5 2. Nf3 Nc6 3. d4 cxd4 4. Nxd4 g6 5. c4 Bg7 6. Be3 Nf6 7. Nc3 0-0 8. Be2 d6 9. 0-0 Bd7 10. Rc1 Nxd4 11. Bxd4 Bc6 12. f3 Nd7 13. Bxg7 Kxg7 14. f4 Qb6+ 15. Kh1 Nc5 16. Qd4+ Kg8 17. Nd5 Bxd5 18. exd5 Na4 19. Qxb6 Nxb6 20. Rfe1 Rfc8 21. Bd3 Rc7 22. b3 Kf8 23. Kg1 Rac8 24. Rcd1 a5 25. a4 Nd7 26. Kf2 Nc5 27. Bc2 Ke8 28. Re3 Kd7 29. Rde1 Re8 30. g4 e6 31. dxe6+ Rxe6 32. f5 Rxe3 33. Rxe3 Rc8 34. Rh3 Rh8 35. fxg6 fxg6 36. Bxg6 Ke7 37. Rxh7+ Rxh7 38. Bxh7 Nxb3 39. h4 Nc5 40. Bc2 Kf6 41. Ke3 Nd7 42. g5+ Kg7 43. h5 Ne5 44. Bd3 Nf7 45. Kf4 Ne5 46. Be2 Kh7 47. Kf5 Kg7 48. Ke6 1-0

[Event "Morava-ch U16"]
[Site "Havlickuv Brod"]
[Date "2007.10.25"]
[Round "3"]
[White "Valesova, Sarka"]
[Black "Slivova, Veronika"]
[Result "0-1"]
[WhiteElo "1912"]
[BlackElo "1468"]
[PlyCount "70"]
[EventDate "2007.10.24"]
[EventType "swiss"]
[EventRounds "9"]
[EventCountry "CZE"]
[SourceTitle "EXT 2022"]
[Source "ChessBase"]
[SourceDate "2021.10.06"]
[SourceVersion "1"]
[SourceVersionDate "2021.10.06"]
[SourceQuality "1"]

1. e4 e5 2. Nc3 Nf6 3. Bc4 Bb4 4. d3 Nc6 5. a3 Ba5 6. Bg5 h6 7. Bh4 d6 8. b4 Bb6 9. Nge2 Bd7 10. 0-0 g5 11. Bg3 Ne7 12. d4 Ng6 13. Qd3 Qe7 14. Nd5 Nxd5 15. Bxd5 h5 16. dxe5 dxe5 17. h3 0-0-0 18. a4 c6 19. a5 Bc7 20. Bc4 h4 21. Bh2 g4 22. Qe3 Kb8 23. Rfb1 Rdg8 24. b5 gxh3 25. g3 Nf4 26. bxc6 Bxc6 27. Bb5 Bd7 28. Qb3 Bc8 29. Bc6 Bd8 30. Nc3 hxg3 31. Bxg3 h2+ 32. Kh1 Bh3 33. Qxb7+ Qxb7 34. Rxb7+ Kc8 35. Kxh2 Bg2+ 0-1

[Event "Brno op-A"]
[Site "Brno"]
[Date "2007.07.05"]
[Round "6"]
[White "Petruska, Miroslav"]
[Black "Valesova, Sarka"]
[Result "1/2-1/2"]
[WhiteElo "1953"]
[BlackElo "1917"]
[PlyCount "109"]
[EventDate "2007.07.01"]
[EventType "swiss"]
[EventRounds "9"]
[EventCountry "CZE"]
[SourceTitle "CBM 119 Extra"]
[Source "ChessBase"]
[SourceDate "2007.09.04"]
[SourceVersion "1"]
[SourceVersionDate "2007.09.04"]
[SourceQuality "1"]

1. e4 c5 2. g3 g6 3. Bg2 Bg7 4. c3 Nc6 5. f4 d6 6. d3 Nf6 7. Nh3 0-0 8. 0-0 Ng4 9. f5 Nge5 10. Bg5 Qb6 11. Qe2 c4+ 12. d4 Nd3 13. Na3 Nxd4 14. cxd4 Bxd4+ 15. Kh1 Qxb2 16. Qxb2 Bxb2 17. Bxe7 Bxa3 18. Bxf8 Kxf8 19. fxg6 hxg6 20. Ng5 Ne5 21. Rf2 Bc5 22. Rf6 Ke7 23. Raf1 Be6 24. Nxe6 fxe6 25. Bh3 Rh8 26. Bxe6 c3 27. h3 c2 28. Bb3 Ng4 29. Rf7+ Ke8 30. Ba4+ Kd8 31. Rf8+ Rxf8 32. Rxf8+ Ke7 33. Rf1 Nf2+ 34. Kh2 Nd1 35. Rxd1 cxd1Q 36. Bxd1 Kf6 37. Bb3 b5 38. Bd5 a5 39. Bc6 b4 40. Kg2 Ke5 41. Kf3 g5 42. Kg4 Be3 43. h4 gxh4 44. Kxh4 Bf2 45. Kg4 Kd4 46. Kf3 Be3 47. Bb5 Bd2 48. Bc6 Kc3 49. e5 dxe5 50. Ke4 Kb2 51. Bd5 a4 52. Kxe5 Bc3+ 53. Kd6 b3 54. Bxb3 axb3 55. axb3 1/2-1/2

[Event "CZE-ch U16 Girls"]
[Site "Sec u Chrudimi"]
[Date "2007.03.16"]
[Round "8"]
[White "Petrova, Kristyna"]
[Black "Valesova, Sarka"]
[Result "1-0"]
[WhiteElo "1825"]
[BlackElo "1897"]
[PlyCount "37"]
[EventDate "2007.03.10"]
[EventType "swiss"]
[EventRounds "9"]
[EventCountry "CZE"]
[SourceTitle "EXT 2008"]
[Source "ChessBase"]
[SourceDate "2007.11.25"]
[SourceVersion "1"]
[SourceVersionDate "2007.11.25"]
[SourceQuality "1"]

1. e4 c5 2. Nf3 Nc6 3. d4 cxd4 4. Nxd4 Nf6 5. Nc3 g6 6. Nxc6 bxc6 7. e5 Ng8 8. Bc4 Bg7 9. Qf3 e6 10. Bf4 Qa5 11. 0-0-0 Ne7 12. Ne4 0-0 13. Nf6+ Bxf6 14. exf6 Nd5 15. Bd6 Re8 16. Bxd5 cxd5 17. Qf4 Kh8 18. Qh6 Rg8 19. Bf8 1-0

[Event "CZE-ch U16 Girls"]
[Site "Sec u Chrudimi"]
[Date "2007.03.15"]
[Round "7"]
[White "Valesova, Sarka"]
[Black "Olsarova, Tereza"]
[Result "1/2-1/2"]
[WhiteElo "1897"]
[BlackElo "1995"]
[PlyCount "70"]
[EventDate "2007.03.10"]
[EventType "swiss"]
[EventRounds "9"]
[EventCountry "CZE"]
[SourceTitle "EXT 2008"]
[Source "ChessBase"]
[SourceDate "2007.11.25"]
[SourceVersion "1"]
[SourceVersionDate "2007.11.25"]
[SourceQuality "1"]

1. e4 e5 2. Nc3 Nf6 3. Bc4 Nc6 4. d3 Bb4 5. Nge2 d5 6. exd5 Nxd5 7. a3 Bxc3+ 8. Nxc3 Nxc3 9. bxc3 0-0 10. 0-0 Re8 11. Rb1 Na5 12. Ba2 Be6 13. c4 b6 14. f4 exf4 15. Rxf4 c5 16. Qf3 Qd6 17. Bb2 Nc6 18. Qg3 Nd4 19. Bxd4 cxd4 20. Qf2 Qxa3 21. Bb3 a5 22. Qxd4 a4 23. Ra1 Qb4 24. Ba2 Rad8 25. Qf2 b5 26. Rb1 Qa3 27. c3 Qxc3 28. cxb5 Qxd3 29. h3 a3 30. b6 Bxa2 31. Qxa2 Qe3+ 32. Rf2 Re6 33. b7 Qa7 34. Qc4 Qb8 35. Rc2 g6 1/2-1/2

[Event "Pobeskydy Radegast 17th"]
[Site "Frydek Mistek"]
[Date "2006.04.13"]
[Round "2"]
[White "Krzyzanowski, Marcin"]
[Black "Valesova, Sarka"]
[Result "1-0"]
[WhiteElo "2123"]
[BlackElo "1885"]
[PlyCount "83"]
[EventDate "2006.04.13"]
[EventType "swiss"]
[EventRounds "9"]
[EventCountry "CZE"]
[SourceTitle "CBM 111 Extra"]
[Source "ChessBase"]
[SourceDate "2006.05.09"]
[SourceVersion "1"]
[SourceVersionDate "2006.05.09"]
[SourceQuality "1"]

1. e4 c5 2. Nf3 Nc6 3. d4 cxd4 4. Nxd4 g6 5. c4 Nf6 6. Nc3 d6 7. f3 Nxd4 8. Qxd4 Bg7 9. Be3 0-0 10. Qd2 Bd7 11. Bd3 Re8 12. 0-0 Qc7 13. Rac1 Rac8 14. Rfd1 b6 15. Bf1 Be6 16. b4 Qb7 17. Nd5 Nd7 18. h3 Ne5 19. f4 Nd7 20. g4 Bxd5 21. cxd5 Nf6 22. Bd3 e6 23. g5 Nh5 24. Bb5 Rxc1 25. Rxc1 Rc8 26. Bc6 Qe7 27. Kg2 exd5 28. Bxd5 Rc7 29. a4 Qd7 30. a5 bxa5 31. bxa5 Qc8 32. Rxc7 Qxc7 33. a6 Bc3 34. Qf2 Qa5 35. Qa2 Qc7 36. Qc4 Ba5 37. Qxc7 Bxc7 38. Bxa7 Nxf4+ 39. Kf3 Nd3 40. Bd4 Bb8 41. a7 Bxa7 42. Bxa7 1-0

[Event "CZE-ch U14 Girls"]
[Site "Zlate Hory"]
[Date "2006.03.17"]
[Round "8"]
[White "Palkova, Nikola"]
[Black "Valesova, Sarka"]
[Result "0-1"]
[WhiteElo "1587"]
[BlackElo "1800"]
[PlyCount "60"]
[EventDate "2006.03.11"]
[EventType "swiss"]
[EventRounds "9"]
[EventCountry "CZE"]
[SourceTitle "EXT 2008"]
[Source "ChessBase"]
[SourceDate "2007.11.25"]
[SourceVersion "1"]
[SourceVersionDate "2007.11.25"]
[SourceQuality "1"]

1. d4 Nf6 2. Nf3 g6 3. Bf4 Bg7 4. h3 d6 5. e3 0-0 6. Nc3 Nbd7 7. Bd3 Re8 8. Bg5 b6 9. 0-0 Bb7 10. Re1 e5 11. dxe5 dxe5 12. Be4 c6 13. Bd3 Qc7 14. e4 Nf8 15. Qd2 Ne6 16. Bh6 Bh8 17. Be3 Rad8 18. Ng5 Nd4 19. Qd1 c5 20. Nf3 c4 21. Bxd4 exd4 22. Nb5 Qc5 23. Nfxd4 cxd3 24. c3 a6 25. Na3 Nxe4 26. Qxd3 Bxd4 27. cxd4 Rxd4 28. Qe3 Re6 29. Rac1 Qd5 30. Rc7 Nc3 0-1

[Event "CZE-ch U14 Girls"]
[Site "Zlate Hory"]
[Date "2006.03.14"]
[Round "5"]
[White "Valesova, Sarka"]
[Black "Kolomaznikova, Barbora"]
[Result "1-0"]
[WhiteElo "1800"]
[BlackElo "1396"]
[PlyCount "87"]
[EventDate "2006.03.11"]
[EventType "swiss"]
[EventRounds "9"]
[EventCountry "CZE"]
[SourceTitle "EXT 2008"]
[Source "ChessBase"]
[SourceDate "2007.11.25"]
[SourceVersion "1"]
[SourceVersionDate "2007.11.25"]
[SourceQuality "1"]

1. e4 d5 2. exd5 Nf6 3. d4 Nxd5 4. c4 Nb6 5. Nc3 g6 6. Nf3 Bg7 7. Be3 c6 8. h3 Bf5 9. Be2 0-0 10. 0-0 N8d7 11. Qd2 Re8 12. Rad1 Nf6 13. b3 Ne4 14. Nxe4 Bxe4 15. Bh6 Bh8 16. Qf4 Bf5 17. Bd3 Be6 18. Rfe1 Qd6 19. Qh4 Qd7 20. Bc2 Rad8 21. Ng5 Bf6 22. Qf4 Qd6 23. Qf3 Qd7 24. Nxe6 fxe6 25. Re4 Bg7 26. Bxg7 Kxg7 27. Rh4 Rf8 28. Qe4 Rf6 29. Qe3 Rh8 30. Rd3 Qc7 31. Qh6+ Kf7 32. Rg3 Rg8 33. Qxh7+ Rg7 34. Qh6 Qd8 35. Rhg4 Qg8 36. Qg5 Nd7 37. Qa5 a6 38. Qc7 Nf8 39. Qxb7 Qh7 40. Qxc6 Qh6 41. Re3 a5 42. d5 exd5 43. Qxd5+ Ke8 44. Qxa5 1-0

[Event "CZE-ch U14 Girls"]
[Site "Zlate Hory"]
[Date "2006.03.11"]
[Round "1"]
[White "Valesova, Sarka"]
[Black "Strouhalova, Lenka"]
[Result "1-0"]
[WhiteElo "1800"]
[BlackElo "1328"]
[PlyCount "119"]
[EventDate "2006.03.11"]
[EventType "swiss"]
[EventRounds "9"]
[EventCountry "CZE"]
[SourceTitle "EXT 2008"]
[Source "ChessBase"]
[SourceDate "2007.11.25"]
[SourceVersion "1"]
[SourceVersionDate "2007.11.25"]
[SourceQuality "1"]

1. e4 e5 2. Nc3 Nf6 3. Bc4 Nxe4 4. Qh5 Ng5 5. d4 Ne6 6. d5 Nc5 7. Bg5 g6 8. Bxd8 gxh5 9. Bf6 Rg8 10. Nb5 Bd6 11. Nf3 a6 12. Nc3 e4 13. Ng5 h6 14. Ngxe4 Nxe4 15. Nxe4 Bf4 16. g3 Bg5 17. h4 Bxf6 18. Nxf6+ Kf8 19. Nxg8 Kxg8 20. 0-0-0 d6 21. Rhe1 Kf8 22. Re3 Bf5 23. Rde1 Nd7 24. Bd3 Bxd3 25. Rxd3 Ne5 26. Rde3 Kg7 27. f4 Ng4 28. Re7 Rc8 29. Rd7 Nf6 30. Rde7 Nxd5 31. R7e4 Nf6 32. R4e2 Kh7 33. Re7 Kg6 34. f5+ Kg7 35. c4 Ng4 36. Kd2 Ne5 37. R1xe5 dxe5 38. Rxe5 Kf6 39. Rd5 Ke7 40. Ke3 Rg8 41. Kf3 Rg4 42. b3 c6 43. f6+ Kxf6 44. Rxh5 Rg6 45. Kf4 Ke6 46. Re5+ Kf6 47. Re8 Kg7 48. Rb8 b5 49. Rb6 bxc4 50. bxc4 Rf6+ 51. Ke4 Re6+ 52. Kd4 a5 53. a4 Rg6 54. Rb3 Rf6 55. Kc5 Kf8 56. Kb6 Ke7 57. Kxa5 Kd7 58. Kb6 Kc8 59. c5 Kb8 60. a5 1-0

[Event "Brno Duras BVK op-A"]
[Site "Brno"]
[Date "2006.??.??"]
[Round "3"]
[White "Balkova, Anna"]
[Black "Valesova, Sarka"]
[Result "1/2-1/2"]
[WhiteElo "2010"]
[BlackElo "1905"]
[PlyCount "102"]
[EventDate "2006.07.??"]
[EventType "swiss"]
[EventRounds "9"]
[EventCountry "CZE"]
[SourceTitle "EXT 2008"]
[Source "ChessBase"]
[SourceDate "2007.11.25"]
[SourceVersion "1"]
[SourceVersionDate "2007.11.25"]
[SourceQuality "1"]

1. e4 c5 2. Nf3 Nc6 3. d4 cxd4 4. Nxd4 Nf6 5. Nc3 g6 6. Nxc6 bxc6 7. e5 Ng8 8. Bc4 Bg7 9. Qf3 e6 10. Bf4 Ne7 11. 0-0 Nd5 12. Ne4 0-0 13. Bg5 f6 14. exf6 Nxf6 15. Nxf6+ Bxf6 16. Bxf6 Rxf6 17. Qe3 d5 18. Be2 Qd6 19. Rad1 Qf4 20. Qc3 Bd7 21. g3 Qf5 22. Bg4 Qxg4 23. Qxf6 Rf8 24. Qe7 Rf7 25. Qd8+ Kg7 26. Rd3 e5 27. Qb8 Qh5 28. Re1 e4 29. Ra3 a5 30. Qa7 Qe5 31. Qxa5 Bg4 32. Qc3 d4 33. Qd2 Bf3 34. Rxf3 Rxf3 35. Qe2 Qf6 36. Qxe4 Rxf2 37. Qe7+ Kh6 38. Qe4 c5 39. a4 g5 40. a5 d3 41. Qxd3 Rxh2 42. Kxh2 Qf2+ 43. Kh3 Qxe1 44. Qd6+ Kg7 45. Qxc5 Qh1+ 46. Kg4 Qe4+ 47. Kh3 Qh1+ 48. Kg4 Qe4+ 49. Kxg5 h6+ 50. Kh5 Qh1+ 51. Kg4 Qe4+ 1/2-1/2

[Event "CZE-chT U18 0506"]
[Site "Czech Republic"]
[Date "2005.12.22"]
[Round "5"]
[White "Valesova, Sarka"]
[Black "Novosadova, Kristyna"]
[Result "0-1"]
[WhiteElo "1856"]
[BlackElo "1935"]
[PlyCount "80"]
[EventDate "2005.10.08"]
[EventType "team-tourn"]
[EventRounds "11"]
[EventCountry "CZE"]
[SourceTitle "EXT 2009"]
[Source "ChessBase"]
[SourceDate "2008.11.26"]
[SourceVersion "1"]
[SourceVersionDate "2008.11.26"]
[SourceQuality "1"]
[WhiteTeam "Stare Mesto"]
[BlackTeam "Frydek Mistek"]
[WhiteTeamCountry "CZE"]
[BlackTeamCountry "CZE"]

1. e4 e5 2. Nc3 Nf6 3. Bc4 Nc6 4. d3 Na5 5. Nge2 Be7 6. 0-0 0-0 7. a3 Nxc4 8. dxc4 d6 9. Qd3 c6 10. Bg5 Be6 11. Rad1 Qc7 12. Ng3 h6 13. Bxf6 Bxf6 14. b3 Rad8 15. h3 g6 16. Nge2 Bg5 17. f4 exf4 18. Nxf4 Bxf4 19. Rxf4 d5 20. Qe3 d4 21. Qf2 dxc3 22. Rd3 Rxd3 23. cxd3 c2 24. Qd2 Qb6+ 25. Rf2 Qxb3 26. Qxc2 Qxc2 27. Rxc2 Rd8 28. Rc3 c5 29. Kf2 Kg7 30. Ke3 Kf6 31. Rb3 b6 32. a4 Ke5 33. Rb2 f5 34. exf5 Bxf5 35. Rb3 h5 36. Rc3 Rd4 37. Rb3 h4 38. Rc3 Rxd3+ 39. Rxd3 Bxd3 40. Kxd3 Kf4 0-1

[Event "CZE-ch U10/12 Girls"]
[Site "Czech Republic"]
[Date "2004.03.13"]
[Round "9"]
[White "Valesova, Sarka"]
[Black "Sochorova, Gabriela"]
[Result "1-0"]
[WhiteElo "1568"]
[BlackElo "1261"]
[PlyCount "61"]
[EventDate "2004.03.06"]
[EventType "swiss"]
[EventRounds "9"]
[EventCountry "CZE"]
[SourceTitle "EXT 2007"]
[Source "ChessBase"]
[SourceDate "2006.11.23"]
[SourceVersion "1"]
[SourceVersionDate "2006.11.23"]
[SourceQuality "1"]

1. e4 e5 2. Nc3 Nf6 3. Bc4 Bc5 4. d3 Nc6 5. f4 d6 6. Nf3 a6 7. f5 h6 8. Bd2 Ng4 9. Rf1 Nxh2 10. Rh1 Ng4 11. Bg5 Qd7 12. Nd2 Nf2 13. Qh5 Nd8 14. Rh2 c6 15. Bh4 b5 16. Bb3 a5 17. a3 Qa7 18. Qf3 Nxd3+ 19. cxd3 Ba6 20. Bxd8 Rxd8 21. g4 b4 22. axb4 Bxb4 23. Ba4 Rc8 24. Nf1 Qd4 25. Kd2 Qa7 26. g5 Kd7 27. f6 Rcg8 28. fxg7 Rxg7 29. gxh6 Rgh7 30. Rg2 Rf8 31. Qf5+ 1-0